| 000 | 01016nam a22002297a 4500 | ||
|---|---|---|---|
| 003 | OSt | ||
| 005 | 20250819145244.0 | ||
| 008 | 241007b |||||||| |||| 00| 0 eng d | ||
| 040 | _c0 | ||
| 082 | _aDPer 613.705 J826 January-December 2020 v. 91 n. 1-9 | ||
| 100 |
_aDurden-Myers, Elizabeth J. _eauthor. _962472 |
||
| 245 |
_aThe embodied nature of physical literacy : _binterconnectedness of lived experience and meaning / _cElizabeth J. Durden-Myers, E.S Meloche, and Karamjeet K. Dhillon. |
||
| 260 |
_aVirginia ; _bAmerican Alliance for Health , _cMarch 2020. |
||
| 300 |
_aVolume 91, pages 8-16 : _billustration ; _c28 cm. |
||
| 500 | _aThe Journal of Physical Education Recreation & Dance, vol. 91, no. 3, pages 8-16, March 2020. | ||
| 650 | 0 |
_aPhysical education. _2Physical education. _950439 |
|
| 650 | 0 |
_aMotor ability. _950627 |
|
| 700 |
_aDurden-Myers, Elizabeth J. _eauthor. _962472 |
||
| 700 |
_aMeloche, E. S. _eauthor. _966935 |
||
| 700 |
_aDhillon, Karamjeet K. _eauthor. _966936 |
||
| 942 |
_2ddc _cPER |
||
| 999 |
_c22317 _d22317 |
||